Statistics for Nba scoring titles last 15 years

Click here to take the quiz!

General Stats

  • This quiz has been taken 34 times
  • The average score is 14 of 16

Answer Stats

HintAnswer% Correct
07-08James
97%
19-20Harden
94%
18-19Harden
94%
17-18Harden
94%
16-17Westbrook
94%
14-15Westbrook
94%
20-21Curry
91%
15-16Curry
91%
13-14Durant
91%
11-12Durant
91%
10-11Durant
91%
09-10Durant
91%
06-07Bryant
88%
05-06Bryant
88%
12-13Anthony
73%
08-09wade
73%

Score Distribution

Percentile by Number Answered

Percent of People with Each Score

Your Score History

You have not taken this quiz